000
00187 a2200097 4500
020
_a
9780385474542
041
_a
eng
100
_a
Achebe, Chinua
245
_a
Things fall apart
942
_c
BK
999
_c
8129
_d
8129